000 04426cam a2200553 4500500
005 20260301001226.0
041 _afre
042 _adc
100 1 0 _aEustache, Florence
_eauthor
700 1 0 _aDucrocq, Bérengère
_eauthor
700 1 0 _aMendes, Nicolas
_eauthor
700 1 0 _aDupont, Charlotte
_eauthor
700 1 0 _aDelepine, Béatrice
_eauthor
700 1 0 _aMirallie, Sophie
_eauthor
700 1 0 _aPapaxanthos, Aline
_eauthor
700 1 0 _aMagnan, Fanny
_eauthor
700 1 0 _aGrèze, Cécile
_eauthor
700 1 0 _aHennebicq, Sylviane
_eauthor
700 1 0 _aKoscinski, Isabelle
_eauthor
700 1 0 _aDrapier, Hortense
_eauthor
700 1 0 _aFrapsauce, Cynthia
_eauthor
700 1 0 _aMayeur, Anne
_eauthor
700 1 0 _aClarotti, Marie-Ange
_eauthor
700 1 0 _aMons, Joffrey
_eauthor
700 1 0 _aSchmitt, Françoise
_eauthor
700 1 0 _aMay-Panloup, Pascale
_eauthor
700 1 0 _aBlagosklonov, Oxana
_eauthor
700 1 0 _aBrugnon, Florence
_eauthor
700 1 0 _aCabry, Rosalie
_eauthor
700 1 0 _aFauque, Patricia
_eauthor
700 1 0 _aThibault, Emmanuelle
_eauthor
700 1 0 _aMetzler-Guillemain, Catherine
_eauthor
700 1 0 _aRives, Nathalie
_eauthor
245 0 0 _aPréservation de la fertilité dans le parcours transgenre : l’expérience de la Fédération française des centres d’étude et de conservation des oeufs et du sperme
260 _c2022.
500 _a2
520 _aIn France, fertility preservation (FP) was until recently very rarely offered to transgender persons despite the existing desire for a child. The proposed treatments, hormone therapy and reassignment surgery, are far from being without risk on gametic quality and production. French law authorizesfertility preservation before any treatment with sterilizing risks. Thus, several Cecos centers have responded to these new requests. A national multicenter survey was conducted between January 2019 and October 2020 in 28 centers of the French Cecos network. Each center was surveyed to find out how manyTG individuals were coming, being informed, and being managed for FP. During this period, nearly 600 trans individuals presented to a Cecos center. Trans men were significantly younger than trans women. Nearly half of the trans people who came were able to perform oocyte or sperm conservation. However, 66% of trans women did so while only 11% of trans men did. Thus, the vast majority of Cecos centers are able to treat trans people for FP. This is the first study with such a large population.
520 _aEn France, la préservation de la fertilité (PF) était jusqu’à récemment très peu proposée aux personnes transgenres (TG), malgré le désir d’enfant existant. Les traitements proposés, hormonothérapie et chirurgie de réassignation, sont loin d’être sans risque sur la qualité et la production gamétiques. La loi française autorise une PF avant tout traitement à risque stérilisant. Ainsi, plusieurs centres d’étude et de conservation des oeufs et du sperme (Cecos) ont répondu à ces nouvelles demandes. Une enquête nationale multicentrique a été réalisée entre janvier 2019 et octobre 2020 dans 28 centres de procréation médicalement assistée du réseau français des Cecos. Chaque centre a été interrogé pour savoir combien de personnes TG venaient, étaient informées et prises en charge pour la PF. Au cours de cette période, près de 600 personnes TG se sont présentées dans un centre Cecos. Les hommes TG étaient significativement plus jeunes que les femmes TG. Près de la moitié des personnes TG venues ont pu réaliser une conservation d’ovocytes ou de spermatozoïdes. Cependant, 66 % de femmes TG en ont bénéficié, alors que seulement 11 % des hommes TG l’ont fait. Ainsi, la très grande majorité des Cecos peuvent prendre en charge les personnes TG en vue d’une PF. Il s’agit de la première étude avec un effectif aussi important.
690 _aovocytes
690 _apréservation de la fertilité
690 _aspermatozoïde
690 _atransidentité
690 _afertility preservation
690 _aoocytetechnology
690 _aspermatozoa
690 _atransgender
786 0 _nMédecine de la Reproduction | 24 | 1 | 2022-01-01 | p. 84-90 | 2650-8427
856 4 1 _uhttps://stm.cairn.info/revue-medecine-de-la-reproduction-2022-1-page-84?lang=fr&redirect-ssocas=7080
999 _c1673452
_d1673452